00744nam a2200193 a 450000100060000000300090000600800410001502000150005604000280007108200190009910000180011824500330013626000250016930000100019450502750020465000310047965000150051065000250052522952CO-ViMGA141112s2004 ck r 000 u spa d a9706865454 aCO-ViMGAbspacCO-ViMGA04a658.4092 D135e1 aDafl, Richard10aLa experiencia del liderazgo aMéxico : bThomson a700p. aQue significa ser lider, Rasgos Comportamientos y relaciones, Liderazgo en operacion, Desarrollo del liderazgo, Enfoques de contingencia, Liderazgo en operacion, El lider como individuo, Mente y corazon del liderazgo, Los seguidores, El lider como creador de relaciones14aADMINISTRACION DE PERSONAL14aLIDERAZGO 14aPSICOLOGIA APLICADA